Grid unlock (Record no. 121091)

MARC details
000 -LEADER
fixed length control field 00875nam a2200217 4500
001 - CONTROL NUMBER
control field K121091
007 - PHYSICAL DESCRIPTION FIXED FIELD--GENERAL INFORMATION
fixed length control field ta
008 - FIXED-LENGTH DATA ELEMENTS--GENERAL INFORMATION
fixed length control field 190815b2019 ||||| |||| 00| 0 eng d
041 ## - LANGUAGE CODE
Language code of text/sound track or separate title eng
100 ## - MAIN ENTRY--PERSONAL NAME
Personal author Stones, Paul
245 ## - TITLE STATEMENT
Title Grid unlock
490 ## - SERIES TITLE
Series statement RICS Property Journal
Volume May-June 2019, 46-48(3)
520 ## - ABSTRACT
Abstract Discusses plans to create a charging infrastructure for electric vehicles following the UK’s commitment to end the sale of new petrol, diesel cars and vans by 2040. Looks at possible business models and revenue streams this could generate and the use of peak and off peak charging facilities.
650 ## - KEYWORDS
Keywords Electric vehicles
650 ## - KEYWORDS
Keywords Charging points
651 ## - SUBJECT ADDED ENTRY--GEOGRAPHIC NAME
Geographic name United Kingdom 1973
690 ## - LOCAL SUBJECT ADDED ENTRY--TOPICAL TERM (OCLC, RLIN)
9 (RLIN) 6246
Topical term or geographic name as entry element Infrastructure
700 ## - ADDED PERSONAL NAME
Added personal author Harrison, Alex
856 ## - ONLINE RESOURCE
Uniform Resource Identifier https://issuu.com/ricsmodus/docs/property_journal-may-june_2019-rics/60
942 ## - ADDED ENTRY ELEMENTS (KOHA)
Source of classification or shelving scheme Dewey Decimal Classification
Holdings
Withdrawn status Lost status Damaged status Not for loan Home library Current library Shelving location Date acquired Total Checkouts Date last seen Price effective from Koha item type
        Virtual Virtual Online 15/08/2019   15/08/2019 15/08/2019 Journal article